Analiz i rasčot nadežnosti sistem upravlenija elektroprivodami /

Uložené v:
Podrobná bibliografia
Hlavní autori: Rips, J.A (Autor), Saveljev, B.A (Autor)
Médium: Kniha
Jazyk:Russian
Vydavateľské údaje: Moskva : Energija, 1974
Tagy: Pridať tag
Žiadne tagy, Buďte prvý, kto otaguje tento záznam!

MARC

LEADER 00000nam a22000003a 4500
001 stu41364
005 20150617225719.0
008 931122s1974----xxr-----------------rus-d
040 |a STU  |b slo 
041 0 |a rus 
044 |a xxr 
100 1 |a Rips, J.A  |4 aut 
245 1 |a Analiz i rasčot nadežnosti sistem upravlenija elektroprivodami /  |c [aut.]J.A. Rips, B.A. Saveljev 
260 |a Moskva :  |b Energija,  |c 1974 
300 |a 246 s 
700 1 |a Saveljev, B.A  |4 aut 
996 |b 284M011856  |c M*5885-1  |l MMKN  |s A  |a 24  |w stu41364_0001